| 000 | 00512cam a2200193ua 4500 | ||
|---|---|---|---|
| 001 | 4285 | ||
| 008 | 111222n ii |||gr||||Z||||||eng | ||
| 020 | _a81-7596-325-5 | ||
| 040 | _cMAIN | ||
| 082 | _a338.5 | ||
| 100 | 1 | _aGulati, Ambika, | |
| 245 | 1 | 1 |
_aIntroductory microeconomic theory _cby Ambika Gulati |
| 250 | _a1st. | ||
| 260 |
_aNew Delhi: _bFoundation books pvt. ltd., _c2006. |
||
| 300 |
_a268p: _bill; _c25cm. |
||
| 653 | _aMicroeconomic | ||
| 653 | _aIntroductory microeconomic theory | ||
| 942 | _cBK | ||
| 999 |
_c4105 _d4105 |
||